000 00313nam a2200133Ia 4500
008 240624s9999 xx 000 0 und d
041 _aeng
082 _a823 SIN
100 _aSINGH RAVINDER
245 _aI TOO HAD A LOVE STORY
260 _c2016
_aNew Delhi
_bPenguin
300 _a216 : p.
365 _cRS
_b28.5
999 _c28503
_d28503